Worldwide destinations : The geography of travel and tourism
Worldwide Destinations: The Geography of Travel and Tourism is a unique text that explores the demand, supply, organisational aspects and resources of every tourism destination in the world.
Spremljeno u:
| Glavni autor: | |
|---|---|
| Format: | Knjiga |
| Jezik: | Undetermined |
| Izdano: |
Oxford
Butterworth-Heinemann
2009
|
| Teme: | |
| Oznake: |
Dodaj oznaku
Bez oznaka, Budi prvi tko označuje ovaj zapis!
|
| Thư viện lưu trữ: | Trung tâm Học liệu Trường Đại học Cần Thơ |
|---|
| LEADER | 00794nam a2200217Ia 4500 | ||
|---|---|---|---|
| 001 | CTU_187891 | ||
| 008 | 210402s9999 xx 000 0 und d | ||
| 020 | |c 380000 | ||
| 082 | |a 338.4791 | ||
| 082 | |b B715 | ||
| 100 | |a Boniface, Brian G. | ||
| 245 | 0 | |a Worldwide destinations : | |
| 245 | 4 | |b The geography of travel and tourism | |
| 245 | 0 | |c Brian Boniface and Chris Cooper | |
| 260 | |a Oxford | ||
| 260 | |b Butterworth-Heinemann | ||
| 260 | |c 2009 | ||
| 520 | |a Worldwide Destinations: The Geography of Travel and Tourism is a unique text that explores the demand, supply, organisational aspects and resources of every tourism destination in the world. | ||
| 650 | |a Tourism,Travel,Du lịch | ||
| 910 | |a Bé Thảo,Hải | ||
| 980 | |a Trung tâm Học liệu Trường Đại học Cần Thơ | ||